250 Biggest UK Towns and Cities - Statistics

General Stats
  • This quiz has been taken 877 times
  • The average score is 136 of 250
Answer Stats
City/Town County % Correct
London Lon
99%
Birmingham W Mids
98%
Manchester Manc
98%
Bristol Bris
97%
Glasgow Glas
97%
Liverpool Mers
97%
Edinburgh Lothian
96%
Leeds W Yorks
95%
Leicester Leices
95%
Cardiff Glam
94%
Newcastle-under-Lyme Staffs
94%
Newcastle-upon-Tyne Tyne
94%
Nottingham Notts
94%
Oxford Oxon
94%
Sheffield S Yorks
94%
Southampton Hants
94%
Belfast Antrim
93%
Cambridge Cambs
93%
Derby Derbs
92%
Plymouth Devon
92%
York N Yorks
92%
Aberdeen Aber
91%
Bradford W Yorks
91%
Brighton E Suss
91%
Kingston-upon-Hull E Yorks
91%
Swansea Glam
91%
Northampton Northants
90%
Norwich Norf
89%
Portsmouth Hants
89%
Stoke-on-Trent Staffs
89%
Coventry W Mids
88%
Exeter Devon
88%
Gloucester Glouces
88%
Reading Berks
88%
Wolverhampton W Mids
88%
Blackpool Lancs
87%
Bournemouth Dorset
87%
Chester Ches
87%
Dundee Dund
86%
Ipswich Suff
86%
Lincoln Lincs
86%
Sunderland Tyne
86%
Bath Som
85%
Luton Beds
84%
Middlesbrough N Yorks
84%
Bolton Manc
83%
Derry/Londonderry Derry
83%
Newport Gwent
83%
Southend on Sea Essex
83%
Colchester Essex
82%
Milton Keynes Bucks
82%
Preston Lancs
82%
Worcester Worces
82%
Peterborough Cambs
81%
Bedford Beds
80%
Swindon Wilts
80%
Doncaster S Yorks
78%
Carlisle Cumbria
77%
Dover Kent
77%
Durham Dur
77%
Slough Berks
77%
Watford Herts
77%
Huddersfield W Yorks
76%
Poole Dorset
76%
Wigan Manc
76%
Blackburn Lancs
75%
Salford Manc
75%
Cheltenham Glouces
74%
Crawley W Suss
73%
Lancaster Lancs
73%
Bury Manc
72%
Oldham Manc
72%
Warrington Ches
72%
Grimsby Lincs
71%
Hastings E Suss
71%
Stockport Manc
71%
Wrexham Clywd
71%
Burnley Lancs
70%
Chelmsford Essex
70%
Eastbourne E Suss
70%
Maidstone Kent
70%
Shrewsbury Salop
70%
Darlington Dur
69%
Gateshead Tyne
69%
Rochdale Manc
69%
Telford Salop
69%
Wakefield W Yorks
69%
Barnsley S Yorks
68%
Basingstoke Hants
68%
Birkenhead Mers
68%
Canterbury Kent
68%
Inverness Highland
68%
Rotherham S Yorks
68%
Southport Mers
68%
Stafford Staffs
68%
Halifax W Yorks
67%
St. Albans Herts
67%
Weston-super-Mare Som
67%
Gillingham Kent
66%
Hartlepool Dur
66%
Chesterfield Notts
65%
Guildford Surrey
65%
High Wycombe Bucks
65%
St. Helens Mers
65%
Winchester Hants
65%
Worthing W Suss
65%
Mansfield Notts
63%
Woking Surrey
63%
Salisbury Wilts
62%
Stevenage Herts
62%
Basildon Essex
61%
Crewe Ches
61%
Harrogate N Yorks
61%
Solihull W Mids
61%
Dudley W Mids
60%
Margate Kent
60%
Scunthorpe Lincs
59%
Torquay Devon
59%
Aylesbury Bucks
58%
Perth Perth Kin
58%
Walsall W Mids
58%
Sale Manc
57%
West Bromwich W Mids
57%
Sutton Coldfield W Mids
56%
Sutton-in-Ashfield Notts
56%
Scarborough N Yorks
55%
Stockton-on-Tees Dur
55%
Ashford Kent
54%
Hemel Hempstead Herts
54%
Maidenhead Berks
54%
Bangor Down
52%
Macclesfield Ches
52%
Rugby Warks
52%
Taunton Devon
52%
South Shields Tyne
51%
Boston Lincs
50%
King's Lynn Norf
49%
Nuneaton Warks
49%
Rochester Kent
49%
Kettering Northants
47%
Royal Leamington Spa Warks
47%
Ayr Ayrs
46%
Barrow-in-Furness Cumbria
46%
Burton-upon-Trent Staffs
46%
Corby Northants
46%
Kidderminster Worces
46%
Loughborough Leices
46%
Royal Tunbridge Wells Kent
46%
Runcorn Ches
46%
Yeovil Som
46%
Eastleigh Hants
45%
Paisley Renfrew
45%
Aldershot Hants
44%
Clacton-on-Sea Essex
44%
Folkestone Kent
44%
Harlow Essex
44%
Lowestoft Suff
44%
Redditch Warks
44%
Tamworth Staffs
44%
Ramsgate Kent
43%
Weymouth Dorset
43%
Dunfermline Fife
42%
Bognor Regis W Suss
41%
Bracknell Berks
41%
Chatham Kent
41%
Gosport Hants
41%
Rayleigh Essex
41%
Widnes Ches
40%
Altrincham Manc
39%
Bootle Mers
39%
Dartford Kent
39%
Paignton Devon
37%
Dewsbury W Yorks
36%
Barry Glam
35%
East Kilbride Lanark
35%
Horsham W Suss
35%
Livingston Lothian
35%
Washington Tyne
35%
Ellesmere Port Ches
34%
Farnborough Hants
34%
Gravesend Kent
34%
Lisburn Antrim
34%
Tynemouth Tyne
34%
Hamilton Lothian
33%
Andover Hants
32%
Banbury Oxon
32%
Batley W Yorks
32%
Braintree Essex
32%
Brentwood Essex
32%
Cannock Staffs
32%
Grays Essex
32%
Keighley W Yorks
32%
Stourbridge W Mids
32%
Wallasey Mers
32%
Welwyn Garden City Herts
32%
Grantham Lincs
31%
Kilmarnock Ayrs
31%
Littlehampton W Suss
30%
Havant Hants
29%
Bridgend Glam
27%
Fareham Hants
27%
Kirkcaldy Fife
27%
Merthyr Tydfil Glam
27%
Ashton-under-Lyne Manc
26%
Christchurch Dorset
26%
Wellingborough Northants
26%
Halesowen W Mids
25%
Hatfield Herts
25%
Jarrow Tyne
25%
Neath Glam
25%
Cumbernauld Lanark
24%
Esher Surrey
24%
Wokingham Berks
24%
Worksop Notts
23%
Llanelli Dyfed
22%
Bexhill-on-Sea E Suss
20%
Bridgwater Som
20%
Kirkby Mers
20%
Sittingbourne Kent
20%
Beeston Notts
19%
Crosby Mers
19%
Shoreham-by-Sea W Suss
19%
Cwmbran Gwent
18%
Hinckley Leices
18%
Walton-upon-Thames Surrey
18%
Bebington Mers
17%
Greenock Renfrew
17%
Northwich Ches
17%
Lytham St Annes Lancs
16%
Middleton Manc
16%
Wallsend Tyne
16%
Filton Glouces
15%
Trowbridge Wilts
15%
Atherton Manc
14%
Bamber Bridge Lancs
14%
Bloxwich W Mids
14%
West Bridgford Notts
14%
Coatbridge Lanark
13%
Ewell Surrey
13%
Smethwick W Mids
13%
Carlton Notts
12%
Kingswinford W Mids
12%
Cheshunt Herts
11%
Swadlincote Derbs
10%
Tipton W Mids
10%
Newtonabbey Antrim
8%
Willenhall W Mids
8%
Hoddesdon Herts
7%
Craighaven Armagh
5%
Horndean Hants
5%
No matching quizzes found
Score Distribution
Percent of People with Each Score
Percentile by Number Answered
Your Score History
You have not taken this quiz